La monarquía jesuita / (Record no. 82134)

MARC details
000 -LEADER
campo de control de longitud fija 00798nam a2200217 i 4500
001 - NÚMERO DE CONTROL
campo de control 82134
003 - IDENTIFICADOR DE NÚMERO DE CONTROL
campo de control ES-MaACL
005 - FECHA Y HORA DE LA ÚLTIMA TRANSACCIÓN
campo de control 20251105063133.0
007 - CAMPO FIJO DE DESCRIPCIÓN FÍSICA--INFORMACIÓN GENERAL
campo de control de longitud fija t|
008 - DATOS DE LONGITUD FIJA--INFORMACIÓN GENERAL
campo de control de longitud fija 041124q1920 sp ||||1| spa d
100 1# - ENTRADA PRINCIPAL--NOMBRE DE PERSONA
Nombre de persona Scotti, Giulio Clemente,
Fechas asociadas al nombre 1602-1669
9 (RLIN) 156654
245 13 - MENCIÓN DEL TÍTULO
Título La monarquía jesuita /
Mención de responsabilidad, etc. Melchor Inchoffer ; traducción de Dionisio Pérez y prólogo de José Ferrándiz.
260 ## - PUBLICACIÓN, DISTRIBUCIÓN, ETC.
Lugar de publicación, distribución, etc. Valencia :
Nombre del editor, distribuidor, etc. F. Sempere,
Fecha de publicación, distribución, etc. [ca. 1920]
300 ## - DESCRIPCIÓN FÍSICA
Extensión 197 p. ;
Dimensiones 19 cm.
594 ## - Nota al título y mención de responsabilidad
Nota al título y mención de responsabilidad Obra falsamente atribuida a Inchoffer, su verdadero autor es Giulio Clemente Scotti.
610 24 - PUNTO DE ACCESO ADICIONAL DE MATERIA--NOMBRE DE ENTIDAD CORPORATIVA
Nombre de entidad corporativa o nombre de jurisdicción como elemento de entrada Jesuitas-
Subdivisión de forma Obras de controversia.
9 (RLIN) 151987
700 1# - ENTRADA AGREGADA--NOMBRE PERSONAL
Nombre de persona Pérez, Dionisio,
Fechas asociadas al nombre 1871-1935
9 (RLIN) 90566
700 1# - ENTRADA AGREGADA--NOMBRE PERSONAL
Nombre de persona Ferrándiz y Ruiz, José.
9 (RLIN) 50280
852 4# - LOCALIZACIÓN
Ubicación ES-MaACL
Número de control de estantería D-3568
Holdings
Estatus retirado Estado de pérdida Estado de daño No para préstamo Biblioteca de origen Biblioteca actual Ubicación en estantería Fecha de adquisición Fuente de adquisición Total de préstamos Signatura topográfica completa Código de barras Visto por última vez Precio de reemplazo Tipo de ítem Koha
        Biblioteca del Ateneo de Madrid Biblioteca del Ateneo de Madrid Sala Valle Inclán 17/01/2008     D-3568 901085844 23/02/2023 23/02/2023 Libro impreso